Prstene z korálikov

Bibliographic Details
Main Author: Vincze, Eszter (Author)
Format: Book
Language:Slovak
Hungarian
PhysicalDescription:30 s. fareb. fotogr. 20 cm
Published: Veľký Meder Talentum 2011
ISBN:9788081230172
Edition:1. vyd.
Series:Z dielne DaVinci
Subjects:

MARC

LEADER 00000cam a2200000 a 4500
001 vtls010335371
003 SK-MaSNL
005 20260301173449.0
008 251029s2011 xo oa g 000 0 slo
015 |a SNBA2012/03-01532 
020 |a 9788081230172  |q (brož.) 
035 |a 67808058-5131-410F-9414-3696530B876B 
035 |a urn:nbn:sk:snk-amjjkt 
035 |a urn:nbn:sk:snk-am000xj4 
040 |a SNK  |b slo  |c SNK  |e AACR2 
041 1 |a slo  |h hun 
044 |a xo  |c SK 
072 7 |a 74  |x Kresba. Umelecké remeslá  |2 konspekt 
080 |a 746.5  |2 2001 
080 |a 671.21  |2 2001 
080 |a (035)  |2 2001 
100 1 |a Vincze, Eszter  |4 aut  |9 475956 
240 1 0 |a Gyöngyből fűzött gyűrűk  |l Slovensky 
245 1 0 |a Prstene z korálikov  |c Eszter Vinczeová ; [preklad Erika Némethová] 
250 |a 1. vyd. 
260 |a Veľký Meder  |b Talentum  |c 2011 
300 |a 30 s.  |b fareb. fotogr.  |c 20 cm 
490 1 |a Z dielne DaVinci  |v 75 
500 |a Pravdepodobne preložené z maďarčiny 
500 |a Vydané v spolupráci so sieťou predajní umelecko-remeselných potrieb DaVinci 
650 0 7 |a ručné práce z korálkov  |2 SNKPH  |9 74161 
650 0 7 |a bižutéria  |2 SNKPH  |9 30003 
650 0 7 |a Beadwork  |2 SNKPH  |9 323017 
650 0 7 |a Costume jewelry  |2 SNKPHeng  |9 323018 
650 0 7 |a prstene  |2 SNKPH  |9 51302 
655 7 |a príručky  |2 SNKPH  |9 74364 
655 7 |a Handbooks, manuals, etc.  |2 SNKPHeng  |9 90964 
830 0 |a Z dielne DaVinci  |9 317320 
852 |a Štátna vedecká knižnica v Banskej Bystrici 
919 |a 978-80-88979-67-8 
958 |a OP 
968 |b MAG  |d 73/77 
999 |c 836723  |d 838653 
952 |a SNK  |b SNK  |y PREZ  |7 0  |p 17A0876807  |o snkSC 148149  |i snk2012/3138  |8 0  |0 0  |1 0  |4 0  |d 2012-02-06  |l 0  |r 2025-07-16 00:00:00  |w 2026-02-24 
952 |a SNK  |b SNK  |y VYP  |7 0  |p 17A0876772  |o snkSC 148149 D1  |i snk2012/3139  |8 0  |0 0  |1 0  |4 0  |d 2012-02-06  |f 1  |l 0  |r 2026-02-24 03:57:13  |w 2026-02-24